|
|
|
|
| LEADER |
00000cam a2200000 a 4500 |
| 001 |
UCD2955 |
| 003 |
CL-VaPUC |
| 008 |
160520e19500000gw |||||||||||||||||fre|d |
| 082 |
0 |
4 |
|a 193
|b JAS
|2 21
|
| 100 |
|
|
|a Jaspers, Karl
|e author
|9 334584
|
| 245 |
1 |
0 |
|a Nietzsche: introduction a sa philosophie
|
| 250 |
|
|
|a 1a. ed
|
| 300 |
|
|
|a 474 p
|
| 942 |
|
|
|c BK
|
| 945 |
|
|
|d 20160520 11:34:00
|a dcastane
|
| 260 |
|
|
|a Berlín
|b Gallimard
|c 1950
|
| 650 |
|
0 |
|a Filosofía alemana
|9 265002
|
| 650 |
|
7 |
|a FILOSOFOS ALEMANES
|2 CL-VaPUC
|9 586354
|
| 583 |
|
|
|a last modification
|c 20160520 11:34:00
|k Rodrigo Vera
|
| 999 |
|
|
|c 364064
|d 364062
|
| 952 |
|
|
|0 0
|1 0
|3 erb
|4 0
|6 193_000000000000000_JAS_1950
|7 0
|8 A
|9 476976
|a FDOHBE
|b FDOHBE
|e Huesbe Llanos, Marco Antonio, 1934-
|i 5305683
|o 193 JAS 1950
|p 5305683
|r 2024-01-30
|w 2019-11-24
|y BK
|z Catalogado en:20160520
|k HBE
|